| 000 | 00902nam a2200217Ia 4500 | ||
|---|---|---|---|
| 001 | Para_10093 | ||
| 008 | 220602s9999 xx 000 0 und d | ||
| 090 | _aPA CD - TESIS 172 | ||
| 100 |
_aEscobar Martínez, Gabriel _937508 |
||
| 245 | _aDiagnóstico y propuesta de plan de desarrollo rural sustentable del Municipio de Santo Domingo Zanacatepec, Oaxaca / Gabriel Escobar Martínez; Director Guillermo Mondragón Pedrero | ||
| 260 | _aChapingo, Méx.: el autor | ||
| 300 | _a1 CDS ROM (127 p.) | ||
| 502 | _aTesis (Ing. Agr. Esp. en Parasitología Agrícola). UACh. Departamento Parasitología Agrícola | ||
| 700 |
_aMondragón Pedrero, Guillermo. Director _9175139 |
||
| 710 |
_aUACh. Departamento Parasitología AgrícolaÌ _9185010 |
||
| 901 | _aPA CD - TESIS 172 | ||
| 902 | _aM | ||
| 905 | _a513220Junio, 2012 abnm8100000000 06 | ||
| 942 | _c2 | ||
| 999 |
_c217264 _d217264 |
||